Normal view
MARC view
- MOHAMMAD, HEIKAL
Entry Personal Name
001 - CONTROL NUMBER
- control field: 66269
003 - CONTROL NUMBER IDENTIFIER
- control field: NUST
005 - DATE AND TIME OF LATEST TRANSACTION
- control field: 20210628203548.0
008 - FIXED-LENGTH DATA ELEMENTS
- fixed length control field: 210628|| aca||aabn | a|a d
040 ## - CATALOGING SOURCE
- Original cataloging agency: NUST
- Transcribing agency: NUST
100 ## - HEADING--PERSONAL NAME
- Personal name: MOHAMMAD, HEIKAL
670 ## - SOURCE DATA FOUND
- Source citation: Work cat.: (NUST): MOHAMMAD, HEIKAL, THE RETURN OF THE AYATULLAH, THE IRANIAN REVOLUTION FROM MOSSADEQ TO KHOMEINI, 1981
